000 00390nam a2200145Ia 4500
005 20251222153612.0
008 251222s9999||||xx |||||||||||||| ||spa||
020 _a8480021950
082 _a344.602.68/A77
100 _aArroyo Yanes, Luis Miguel
245 0 _aLa Carrera Administrativa de los Funcionarios Públicos
250 _a1ra. ed.
264 _bTirant lo Blanch
942 _cLIB
999 _c31659
_d31659